[Event "Olomouc Chess Summer 2022 - D"]
[Site "Olomouc (CZE), Hotel Flora"]
[Date "2022.08.18"]
[Round "7"]
[Board "8"]
[White "Pospisil, Evzen"]
[Black "Prucek, Ladislav"]
[Result "1-0"]
[WhiteElo "2045"]
[BlackElo "1834"]
[PlyCount "0"]
[EventDate "2022.08.13"]
[EventRounds "9"]
[EventCountry "CZE"]

1. d4 {[%clk 1:30:57]} Nf6 {[%clk 1:30:46]} 2. Nf3 {[%clk 1:31:22]} g6
{[%clk 1:30:42]} 3. c4 {[%clk 1:31:46]} Bg7 {[%clk 1:31:03]} 4. g3
{[%clk 1:32:10]} O-O {[%clk 1:30:50]} 5. Bg2 {[%clk 1:32:34]} d5 {[%clk 1:30:21]}
6. cxd5 {[%clk 1:32:52]} Nxd5 {[%clk 1:30:27]} 7. O-O {[%clk 1:33:13]} Bf5
{[%clk 1:26:42]} 8. Qb3 {[%clk 1:24:15]} Nb6 {[%clk 1:25:06]} 9. Nc3
{[%clk 1:20:37]} c6 {[%clk 1:18:47]} 10. Rd1 {[%clk 1:17:16]} Qc8
{[%clk 1:15:22]} 11. Bf4 {[%clk 1:12:50]} Be6 {[%clk 1:13:01]} 12. Qc2
{[%clk 1:01:27]} Nd5 {[%clk 1:10:44]} 13. Nxd5 {[%clk 1:01:20]} cxd5
{[%clk 1:07:21]} 14. Qd2 {[%clk 1:01:12]} Bh3 {[%clk 1:06:49]} 15. Bxb8
{[%clk 0:54:33]} Bxg2 {[%clk 1:06:04]} 16. Kxg2 {[%clk 0:54:46]} Qxb8
{[%clk 1:05:53]} 17. Rac1 {[%clk 0:54:58]} Rc8 {[%clk 1:02:37]} 18. Rxc8+
{[%clk 0:54:31]} Qxc8 {[%clk 1:02:58]} 19. Rc1 {[%clk 0:54:49]} Qd7
{[%clk 1:02:14]} 20. Qc2 {[%clk 0:54:18]} Rd8 {[%clk 1:01:48]} 21. e3
{[%clk 0:52:33]} f6 {[%clk 0:59:50]} 22. Qc7 {[%clk 0:49:01]} g5 {[%clk 0:55:40]}
23. h3 {[%clk 0:48:09]} Kf7 {[%clk 0:54:31]} 24. g4 {[%clk 0:47:38]} Ke8
{[%clk 0:52:59]} 25. Qc2 {[%clk 0:46:50]} h6 {[%clk 0:51:42]} 26. b3
{[%clk 0:38:58]} Kf7 {[%clk 0:46:58]} 27. Ng1 {[%clk 0:37:30]} e5
{[%clk 0:40:45]} 28. Ne2 {[%clk 0:37:02]} e4 {[%clk 0:37:38]} 29. Ng3
{[%clk 0:37:05]} Ke6 {[%clk 0:36:15]} 30. Qc7 {[%clk 0:35:39]} Bf8
{[%clk 0:35:38]} 31. Nf5 {[%clk 0:35:54]} h5 {[%clk 0:34:48]} 32. Qxd7+
{[%clk 0:30:03]} Rxd7 {[%clk 0:34:02]} 33. Rc8 {[%clk 0:25:47]} hxg4
{[%clk 0:32:16]} 34. hxg4 {[%clk 0:25:48]} Bd6 {[%clk 0:27:54]} 35. Re8+
{[%clk 0:15:49]} Be7 {[%clk 0:21:53]} 36. f3 {[%clk 0:15:26]} Kf7
{[%clk 0:17:17]} 37. Rc8 {[%clk 0:12:51]} exf3+ {[%clk 0:16:45]} 38. Kxf3
{[%clk 0:13:13]} Bb4 {[%clk 0:16:26]} 39. e4 {[%clk 0:12:57]} dxe4+
{[%clk 0:13:46]} 40. Kxe4 {[%clk 0:13:18]} Ba5 {[%clk 0:13:52]} 41. Rh8
{[%clk 0:12:09]} Bb6 {[%clk 0:12:09]} 42. Rh7+ {[%clk 0:11:57]} Ke8
{[%clk 0:12:33]} 43. Ng7+ {[%clk 0:09:47]} Kf8 {[%clk 0:09:43]} 44. Ne6+
{[%clk 0:09:58]} Ke8 {[%clk 0:10:08]} 45. Rxd7 {[%clk 0:09:35]} Kxd7
{[%clk 0:10:36]} 46. Kd5 {[%clk 0:09:36]} Ba5 {[%clk 0:09:54]} 47. Nc5+
{[%clk 0:09:42]} Kc8 {[%clk 0:08:23]} 48. Ke6 {[%clk 0:09:25]} Kc7
{[%clk 0:01:30]} 49. Ne4 {[%clk 0:07:31]} Kc6 {[%clk 0:01:23]} 50. a4
{[%clk 0:05:30]} Bd8 {[%clk 0:29:12]} 51. d5+ {[%clk 0:32:17]} Kb6
{[%clk 0:28:42]} 52. Kd7 {[%clk 0:30:13]} Bc7 {[%clk 0:27:05]} 53. a5+
{[%clk 0:30:23]}  1-0

[Event "Olomouc Chess Summer 2022 - D"]
[Site "Olomouc (CZE), Hotel Flora"]
[Date "2022.08.18"]
[Round "7"]
[Board "9"]
[White "Dusbaba, Karel"]
[Black "Fiser, Jiri"]
[Result "1-0"]
[WhiteElo "2005"]
[BlackElo "1768"]
[PlyCount "0"]
[EventDate "2022.08.13"]
[EventRounds "9"]
[EventCountry "CZE"]

1. c4 {[%clk 1:30:55]} f5 {[%clk 1:30:45]} 2. Nc3 {[%clk 1:31:10]} Nf6
{[%clk 1:31:13]} 3. d4 {[%clk 1:30:03]} g6 {[%clk 1:31:33]} 4. Bg5
{[%clk 1:30:05]} Bg7 {[%clk 1:32:00]} 5. Qd2 {[%clk 1:30:10]} d6 {[%clk 1:21:30]}
6. Bh6 {[%clk 1:25:36]} O-O {[%clk 1:20:31]} 7. Bxg7 {[%clk 1:25:43]} Kxg7
{[%clk 1:20:59]} 8. Nf3 {[%clk 1:24:53]} Nc6 {[%clk 1:18:55]} 9. Rd1
{[%clk 1:23:23]} Bd7 {[%clk 1:14:08]} 10. d5 {[%clk 1:19:24]} Ne5
{[%clk 1:13:44]} 11. Qd4 {[%clk 1:17:36]} c5 {[%clk 1:11:31]} 12. dxc6
{[%clk 1:17:07]} Nxc6 {[%clk 1:11:58]} 13. Qd2 {[%clk 1:16:52]} Ne4
{[%clk 0:46:18]} 14. Qc2 {[%clk 1:04:26]} Qa5 {[%clk 0:45:51]} 15. Rc1
{[%clk 1:02:32]} e5 {[%clk 0:30:17]} 16. e3 {[%clk 1:00:22]} Nxc3
{[%clk 0:30:06]} 17. Qxc3 {[%clk 1:00:25]} Qxc3+ {[%clk 0:29:57]} 18. Rxc3
{[%clk 1:00:52]} Be6 {[%clk 0:30:12]} 19. a3 {[%clk 0:59:29]} a5 {[%clk 0:28:53]}
20. Be2 {[%clk 0:59:30]} Rfd8 {[%clk 0:20:06]} 21. O-O {[%clk 0:56:24]} Kf6
{[%clk 0:17:34]} 22. Rfc1 {[%clk 0:54:15]} g5 {[%clk 0:18:02]} 23. Kf1
{[%clk 0:51:16]} g4 {[%clk 0:18:01]} 24. Ne1 {[%clk 0:51:02]} h5 {[%clk 0:14:58]}
25. Rb3 {[%clk 0:49:18]} Rd7 {[%clk 0:15:07]} 26. Rb6 {[%clk 0:48:39]} h4
{[%clk 0:15:01]} 27. Rd1 {[%clk 0:47:21]} Rg8 {[%clk 0:11:04]} 28. b4
{[%clk 0:46:08]} axb4 {[%clk 0:11:27]} 29. axb4 {[%clk 0:46:36]} Rgd8
{[%clk 0:10:51]} 30. Nc2 {[%clk 0:46:16]} Ke7 {[%clk 0:08:30]} 31. Na3
{[%clk 0:45:39]} d5 {[%clk 0:08:41]} 32. c5 {[%clk 0:41:58]} d4 {[%clk 0:08:48]}
33. Bb5 {[%clk 0:42:01]} dxe3 {[%clk 0:08:31]} 34. Rxd7+ {[%clk 0:42:19]} Rxd7
{[%clk 0:08:51]} 35. fxe3 {[%clk 0:42:18]} Bd5 {[%clk 0:08:36]} 36. Nc4
{[%clk 0:42:18]} h3 {[%clk 0:03:52]} 37. gxh3 {[%clk 0:41:56]} gxh3
{[%clk 0:04:21]} 38. Nd6 {[%clk 0:41:40]} Rxd6 {[%clk 0:02:36]} 39. cxd6+
{[%clk 0:41:36]} Kxd6 {[%clk 0:03:05]} 40. Rxb7 {[%clk 0:39:41]} Nxb4
{[%clk 0:03:28]} 41. Rh7 {[%clk 0:39:40]} Bg2+ {[%clk 0:03:46]} 42. Kf2
{[%clk 0:39:57]} f4 {[%clk 0:23:46]} 43. exf4 {[%clk 1:00:24]} exf4
{[%clk 0:24:14]} 44. Bf1 {[%clk 1:00:24]} f3 {[%clk 0:22:47]} 45. Bxg2
{[%clk 0:59:58]} hxg2 {[%clk 0:23:14]} 46. Rg7 {[%clk 1:00:15]}  1-0

[Event "Olomouc Chess Summer 2022 - D"]
[Site "Olomouc (CZE), Hotel Flora"]
[Date "2022.08.18"]
[Round "7"]
[Board "10"]
[White "Kudrlicka, Ladislav"]
[Black "Gurtovoi, Borys"]
[Result "1-0"]
[WhiteElo "2003"]
[BlackElo "1701"]
[PlyCount "0"]
[EventDate "2022.08.13"]
[EventRounds "9"]
[EventCountry "CZE"]

1. d4 {[%clk 1:30:54]} d5 {[%clk 1:30:48]} 2. c4 {[%clk 1:31:10]} c6
{[%clk 1:31:09]} 3. Nf3 {[%clk 1:31:30]} Nf6 {[%clk 1:31:24]} 4. Nc3
{[%clk 1:31:36]} e6 {[%clk 1:31:35]} 5. e3 {[%clk 1:31:20]} Bd6 {[%clk 1:31:10]}
6. b3 {[%clk 1:30:56]} Nbd7 {[%clk 1:30:41]} 7. Bd3 {[%clk 1:30:25]} O-O
{[%clk 1:30:56]} 8. O-O {[%clk 1:30:16]} e5 {[%clk 1:30:46]} 9. cxd5
{[%clk 1:22:49]} cxd5 {[%clk 1:29:38]} 10. Nb5 {[%clk 1:21:13]} Bb8
{[%clk 1:29:39]} 11. dxe5 {[%clk 1:13:20]} Nxe5 {[%clk 1:29:55]} 12. Be2
{[%clk 1:13:29]} a6 {[%clk 1:28:10]} 13. Nbd4 {[%clk 1:13:13]} Qc7
{[%clk 1:27:20]} 14. Ba3 {[%clk 0:45:49]} Re8 {[%clk 1:26:02]} 15. Qc1
{[%clk 0:45:23]} Qd8 {[%clk 1:24:32]} 16. h3 {[%clk 0:45:40]} Ne4
{[%clk 1:22:42]} 17. Bb2 {[%clk 0:44:08]} Qf6 {[%clk 1:22:41]} 18. Rb1
{[%clk 0:33:15]} Qg6 {[%clk 1:21:02]} 19. Kh1 {[%clk 0:31:43]} Bd7
{[%clk 1:11:41]} 20. Ng1 {[%clk 0:21:18]} Rc8 {[%clk 1:11:30]} 21. Qe1
{[%clk 0:21:38]} Bd6 {[%clk 1:07:56]} 22. Ndf3 {[%clk 0:21:11]} Nxf3
{[%clk 1:03:46]} 23. Nxf3 {[%clk 0:20:17]} Qh6 {[%clk 1:02:40]} 24. Ng1
{[%clk 0:16:24]} Rc6 {[%clk 1:00:55]} 25. Rc1 {[%clk 0:15:20]} Rxc1
{[%clk 1:01:08]} 26. Qxc1 {[%clk 0:15:46]} Rc8 {[%clk 1:01:33]} 27. Qd1
{[%clk 0:16:10]} Be6 {[%clk 1:00:34]} 28. Bf3 {[%clk 0:11:02]} Ng5
{[%clk 0:57:13]} 29. Bg4 {[%clk 0:08:55]} f5 {[%clk 0:56:25]} 30. Bf3
{[%clk 0:09:17]} Ne4 {[%clk 0:56:14]} 31. Ne2 {[%clk 0:06:17]} Bd7
{[%clk 0:53:27]} 32. Qxd5+ {[%clk 0:04:35]} Qe6 {[%clk 0:53:38]} 33. Bxe4
{[%clk 0:04:51]} fxe4 {[%clk 0:53:43]} 34. Rd1 {[%clk 0:04:44]} Qxd5
{[%clk 0:53:32]} 35. Rxd5 {[%clk 0:05:11]} Bb5 {[%clk 0:52:44]} 36. Rxd6
{[%clk 0:04:07]} Bxe2 {[%clk 0:53:05]} 37. Rd7 {[%clk 0:03:13]} Rc2
{[%clk 0:52:59]} 38. Bd4 {[%clk 0:03:27]} Bd3 {[%clk 0:52:56]} 39. Kg1
{[%clk 0:03:34]} Rc1+ {[%clk 0:52:51]} 40. Kh2 {[%clk 0:04:02]} Rc2
{[%clk 0:53:10]} 41. Kg3 {[%clk 0:04:30]} Rxa2 {[%clk 0:53:13]} 42. Rxg7+
{[%clk 0:04:57]} Kf8 {[%clk 0:53:19]} 43. Rxb7 {[%clk 0:05:20]} h5 44. Rh7 Ra5
{[%clk 0:50:47]} 45. b4 {[%clk 0:04:57]} Rg5+ {[%clk 0:50:57]} 46. Kh2
{[%clk 0:27:08]} Bf1 {[%clk 1:21:13]} 47. Rh8+ {[%clk 0:27:14]} Kf7
{[%clk 1:21:27]} 48. g3 {[%clk 0:25:06]} Rf5 {[%clk 1:21:40]} 49. Kg1
{[%clk 0:22:35]} Bxh3 {[%clk 1:20:22]} 50. Ra8 {[%clk 0:22:44]} Rb5
{[%clk 1:19:34]} 51. Bc5 {[%clk 0:23:05]} a5 {[%clk 1:18:51]} 52. Rxa5
{[%clk 0:22:29]} Rxa5 {[%clk 1:19:12]} 53. bxa5 Bc8 {[%clk 1:19:37]} 54. Kf1
{[%clk 0:20:42]} Ba6+ {[%clk 1:15:24]} 55. Kg2 {[%clk 0:21:21]} Kg6 56. f3
{[%clk 0:19:01]} Kf5 {[%clk 1:15:12]} 57. fxe4+ {[%clk 0:18:02]} Kxe4
{[%clk 1:15:29]} 58. Kh3 {[%clk 0:17:10]} Be2 {[%clk 1:13:36]} 59. Kg2
{[%clk 0:17:02]} Ba6 {[%clk 1:13:48]} 60. Kf2 {[%clk 0:17:25]} Bb5
{[%clk 1:13:45]} 61. Bd6 {[%clk 0:17:36]} Ba6 {[%clk 1:11:09]} 62. Bf4
{[%clk 0:17:56]} Kd3 63. Bg5 Bb7 {[%clk 1:09:34]} 64. Kg1 {[%clk 0:12:43]} Ba6
{[%clk 1:04:43]} 65. Kg2 {[%clk 0:11:39]} Ke4 {[%clk 1:04:47]} 66. Kh3
{[%clk 0:11:26]} Kf5 {[%clk 1:05:01]} 67. Kh4 {[%clk 0:11:26]} Be2
{[%clk 1:05:23]} 68. Bf4 {[%clk 0:11:05]} Kg6 {[%clk 1:04:35]} 69. Bc7
{[%clk 0:09:17]} Kf5 {[%clk 1:04:43]} 70. Bb6 {[%clk 0:08:55]} Kg6
{[%clk 1:04:44]} 71. e4 {[%clk 0:09:16]} Ba6 {[%clk 1:02:58]} 72. Bc7
{[%clk 0:09:23]} Bb7 73. e5 Ba6 {[%clk 1:01:42]} 74. Bd6 {[%clk 0:09:44]}  1-0

[Event "Olomouc Chess Summer 2022 - D"]
[Site "Olomouc (CZE), Hotel Flora"]
[Date "2022.08.18"]
[Round "7"]
[Board "11"]
[White "Zeman, Ladislav"]
[Black "Kastner, Oldrich"]
[Result "0-1"]
[WhiteElo "1755"]
[BlackElo "2006"]
[PlyCount "0"]
[EventDate "2022.08.13"]
[EventRounds "9"]
[EventCountry "CZE"]

1. e4 {[%clk 1:30:47]} e6 {[%clk 1:30:48]} 2. d4 {[%clk 1:31:09]} d5
{[%clk 1:31:14]} 3. Nc3 {[%clk 1:31:14]} Nf6 {[%clk 1:31:37]} 4. Nf3
{[%clk 1:30:56]} dxe4 {[%clk 1:28:49]} 5. Ne5 {[%clk 1:31:20]} c5
{[%clk 1:28:08]} 6. Bb5+ {[%clk 1:27:24]} Bd7 {[%clk 1:26:42]} 7. Bxd7+
{[%clk 1:11:36]} Nbxd7 {[%clk 1:24:43]} 8. Bg5 {[%clk 1:07:58]} Qa5
{[%clk 0:58:23]} 9. Nxd7 {[%clk 1:05:45]} Nxd7 {[%clk 0:58:19]} 10. d5
{[%clk 1:05:37]} e5 {[%clk 0:54:49]} 11. O-O {[%clk 1:05:39]} Qb4
{[%clk 0:49:09]} 12. Rb1 {[%clk 1:01:21]} h6 {[%clk 0:46:56]} 13. Bh4
{[%clk 0:58:51]} g5 {[%clk 0:41:46]} 14. Bg3 {[%clk 0:59:13]} O-O-O
{[%clk 0:41:27]} 15. Qg4 {[%clk 0:51:14]} f6 {[%clk 0:33:21]} 16. h4
{[%clk 0:44:37]} e3 {[%clk 0:28:07]} 17. Qe2 {[%clk 0:41:00]} exf2+
{[%clk 0:22:45]} 18. Bxf2 {[%clk 0:40:51]} f5 {[%clk 0:21:41]} 19. a3
{[%clk 0:31:03]} Qa5 {[%clk 0:21:44]} 20. Qf3 {[%clk 0:31:24]} f4
{[%clk 0:20:08]} 21. Qe4 {[%clk 0:28:43]} Qa6 {[%clk 0:16:37]} 22. b4
{[%clk 0:28:14]} Rg8 {[%clk 0:11:32]} 23. Rfd1 {[%clk 0:21:36]} Qg6
{[%clk 0:10:39]} 24. bxc5 {[%clk 0:17:56]} Bxc5 {[%clk 0:09:41]} 25. Bxc5
{[%clk 0:17:41]} Nxc5 {[%clk 0:09:31]} 26. Qc4 {[%clk 0:17:35]} b6
{[%clk 0:09:16]} 27. h5 {[%clk 0:17:21]} Qf5 {[%clk 0:08:03]} 28. Na4
{[%clk 0:13:28]} Qe4 {[%clk 0:07:28]} 29. Rb4 {[%clk 0:12:09]} Qxc4
{[%clk 0:06:53]} 30. Rxc4 {[%clk 0:12:36]} Kd7 {[%clk 0:06:01]} 31. Nxc5+
{[%clk 0:12:37]} bxc5 {[%clk 0:06:24]} 32. Rxc5 {[%clk 0:11:59]} Rc8
{[%clk 0:06:12]} 33. Ra5 {[%clk 0:12:24]} Rxc2 {[%clk 0:05:23]} 34. Rxa7+
{[%clk 0:12:47]} Rc7 {[%clk 0:05:37]} 35. Ra6 {[%clk 0:13:02]} Rgc8
{[%clk 0:03:19]} 36. Rxh6 {[%clk 0:11:47]} Rc1 {[%clk 0:03:40]} 37. Rxc1
{[%clk 0:12:12]} Rxc1+ {[%clk 0:03:02]} 38. Kf2 {[%clk 0:12:41]} e4
{[%clk 0:03:16]} 39. Rf6 {[%clk 0:12:39]} e3+ {[%clk 0:02:50]} 40. Ke2
{[%clk 0:12:57]} Rc2+ {[%clk 0:02:37]} 41. Kf1 {[%clk 0:13:23]} Rf2+
{[%clk 0:24:21]} 42. Kg1 {[%clk 0:43:44]} g4 {[%clk 0:24:31]} 43. Rb6
{[%clk 0:41:05]} f3 {[%clk 0:21:46]} 44. gxf3 {[%clk 0:41:23]} gxf3
{[%clk 0:21:58]} 45. Re6 {[%clk 0:38:08]} Rg2+ {[%clk 0:22:00]} 46. Kf1
{[%clk 0:38:24]} e2+ {[%clk 0:21:09]} 47. Ke1 {[%clk 0:38:41]} Rg1+
{[%clk 0:21:22]}  0-1

[Event "Olomouc Chess Summer 2022 - D"]
[Site "Olomouc (CZE), Hotel Flora"]
[Date "2022.08.18"]
[Round "7"]
[Board "12"]
[White "Jerman, Richard"]
[Black "Lemsom, Nico"]
[Result "1/2-1/2"]
[WhiteElo "2038"]
[BlackElo "1830"]
[PlyCount "0"]
[EventDate "2022.08.13"]
[EventRounds "9"]
[EventCountry "CZE"]

1. e4 {[%clk 1:30:58]} e5 {[%clk 1:30:51]} 2. Nf3 {[%clk 1:31:24]} Nc6
{[%clk 1:31:13]} 3. Bb5 {[%clk 1:31:50]} a6 {[%clk 1:31:35]} 4. Ba4
{[%clk 1:32:14]} Nf6 {[%clk 1:31:45]} 5. O-O {[%clk 1:32:16]} Be7
{[%clk 1:32:06]} 6. Re1 {[%clk 1:31:33]} b5 {[%clk 1:32:28]} 7. Bb3
{[%clk 1:31:57]} O-O {[%clk 1:32:54]} 8. c3 {[%clk 1:32:13]} d5 {[%clk 1:31:21]}
9. exd5 {[%clk 1:32:34]} Nxd5 {[%clk 1:31:37]} 10. Nxe5 {[%clk 1:32:45]} Nxe5
{[%clk 1:31:56]} 11. Rxe5 {[%clk 1:33:10]} Nf6 {[%clk 1:31:28]} 12. h3
{[%clk 1:28:57]} Bd6 {[%clk 1:29:52]} 13. Re1 {[%clk 1:28:00]} Re8
{[%clk 1:28:36]} 14. d4 {[%clk 1:24:24]} Rxe1+ {[%clk 1:26:52]} 15. Qxe1
{[%clk 1:24:48]} Bf5 {[%clk 1:25:15]} 16. Be3 {[%clk 1:19:12]} Qd7
{[%clk 1:23:24]} 17. Qf1 {[%clk 1:19:31]} Re8 {[%clk 1:22:44]} 18. Nd2
{[%clk 1:17:23]} c5 {[%clk 1:12:30]} 19. Rc1 {[%clk 0:58:14]} c4 {[%clk 0:56:45]}
20. Bc2 {[%clk 0:56:38]} Bxc2 {[%clk 0:56:44]} 21. Rxc2 {[%clk 0:57:05]} Nd5
 1/2-1/2

[Event "Olomouc Chess Summer 2022 - D"]
[Site "Olomouc (CZE), Hotel Flora"]
[Date "2022.08.18"]
[Round "7"]
[Board "13"]
[White "Heppell, Ian N"]
[Black "Sterba, Michal"]
[Result "1-0"]
[WhiteElo "2031"]
[BlackElo "1670"]
[PlyCount "0"]
[EventDate "2022.08.13"]
[EventRounds "9"]
[EventCountry "CZE"]

1. e4 {[%clk 1:30:57]} c5 {[%clk 1:30:38]} 2. Nf3 {[%clk 1:31:11]} Nc6
{[%clk 1:30:14]} 3. c3 {[%clk 1:31:33]} e5 {[%clk 1:29:42]} 4. d4
{[%clk 1:31:18]} cxd4 {[%clk 1:28:20]} 5. cxd4 {[%clk 1:31:25]} exd4
{[%clk 1:25:00]} 6. Bc4 {[%clk 1:16:09]} Bb4+ {[%clk 1:19:58]} 7. Bd2
{[%clk 1:15:21]} Qe7 {[%clk 1:19:02]} 8. O-O {[%clk 1:14:41]} Bc5
{[%clk 1:17:51]} 9. Re1 {[%clk 1:03:55]} d6 {[%clk 1:15:34]} 10. b4
{[%clk 0:53:28]} Bb6 {[%clk 1:15:08]} 11. Bg5 {[%clk 0:50:41]} f6
{[%clk 1:14:33]} 12. Bf4 {[%clk 0:48:11]} g5 {[%clk 1:03:13]} 13. Bg3
{[%clk 0:38:30]} Bg4 {[%clk 0:56:51]} 14. Nbd2 {[%clk 0:36:44]} h5
{[%clk 0:51:10]} 15. h3 {[%clk 0:27:10]} Bd7 {[%clk 0:44:23]} 16. Nb3
{[%clk 0:22:20]} h4 {[%clk 0:25:42]} 17. Bh2 {[%clk 0:22:39]} Ne5
{[%clk 0:23:48]} 18. Rc1 {[%clk 0:19:03]} g4 {[%clk 0:21:21]} 19. Nfxd4
{[%clk 0:18:25]} gxh3 {[%clk 0:20:24]} 20. gxh3 {[%clk 0:12:59]} Bxh3
{[%clk 0:17:15]} 21. Bb5+ {[%clk 0:12:58]} Kf8 {[%clk 0:16:02]} 22. Nf5
{[%clk 0:11:55]} Bxf5 {[%clk 0:13:56]} 23. exf5 {[%clk 0:12:21]} Qg7+
{[%clk 0:12:30]} 24. Kh1 {[%clk 0:10:58]} Bxf2 {[%clk 0:11:02]} 25. Qxd6+
{[%clk 0:10:06]} Ne7 {[%clk 0:11:19]} 26. Rxe5 {[%clk 0:10:13]} fxe5
{[%clk 0:09:59]} 27. f6 {[%clk 0:10:32]} Qf7 {[%clk 0:09:37]} 28. Rc7
{[%clk 0:09:15]} Qd5+ {[%clk 0:09:42]} 29. Qxd5 {[%clk 0:08:35]} Nxd5
{[%clk 0:10:06]} 30. Rxb7 {[%clk 0:08:18]} Bg3 {[%clk 0:09:13]} 31. Nc5
{[%clk 0:07:50]} Nxf6 {[%clk 0:06:03]} 32. Ne6+ {[%clk 0:08:07]} Kg8
{[%clk 0:06:10]} 33. Rg7# {[%clk 0:08:31]}  1-0

[Event "Olomouc Chess Summer 2022 - D"]
[Site "Olomouc (CZE), Hotel Flora"]
[Date "2022.08.18"]
[Round "7"]
[Board "14"]
[White "Dvorak, Vladimir"]
[Black "Zidu, Jan"]
[Result "0-1"]
[WhiteElo "1900"]
[BlackElo "1815"]
[PlyCount "0"]
[EventDate "2022.08.13"]
[EventRounds "9"]
[EventCountry "CZE"]

1. e4 {[%clk 1:30:56]} e6 {[%clk 1:30:51]} 2. d4 {[%clk 1:31:19]} d5
{[%clk 1:31:17]} 3. Nc3 {[%clk 1:31:40]} Nf6 {[%clk 1:30:29]} 4. Bg5
{[%clk 1:31:57]} dxe4 {[%clk 1:30:42]} 5. Bxf6 {[%clk 1:29:09]} Qxf6
{[%clk 1:30:29]} 6. Nxe4 {[%clk 1:29:11]} Qd8 {[%clk 1:30:13]} 7. Nf3
{[%clk 1:28:48]} Be7 {[%clk 1:28:51]} 8. Bd3 {[%clk 1:25:56]} b6 {[%clk 1:29:07]}
9. Qe2 {[%clk 1:23:48]} Bb7 {[%clk 1:28:49]} 10. O-O-O {[%clk 1:22:15]} O-O
{[%clk 1:26:05]} 11. h4 {[%clk 1:20:37]} Nd7 {[%clk 1:24:09]} 12. Nfg5
{[%clk 1:16:36]} g6 {[%clk 1:20:36]} 13. f4 {[%clk 1:09:49]} Nf6 {[%clk 1:13:41]}
14. h5 {[%clk 1:06:46]} Nxe4 {[%clk 1:10:04]} 15. Nxe4 {[%clk 1:02:27]} Qxd4
{[%clk 1:01:38]} 16. hxg6 {[%clk 0:56:43]} hxg6 {[%clk 1:01:23]} 17. c3
{[%clk 0:54:11]} Qa4 {[%clk 0:56:56]} 18. Kb1 {[%clk 0:50:09]} Rad8
{[%clk 0:55:10]} 19. Bc2 {[%clk 0:34:15]} Rxd1+ 20. Rxd1 Qc6 {[%clk 0:48:22]} 21.
Qg4 {[%clk 0:31:59]} Kg7 {[%clk 0:46:37]} 22. Ng3 {[%clk 0:25:41]} Qxg2
{[%clk 0:38:13]} 23. Nh5+ {[%clk 0:12:23]} Kh6 {[%clk 0:27:38]} 24. Qxg2
{[%clk 0:10:26]} Bxg2 {[%clk 0:28:04]} 25. Ng3 {[%clk 0:10:49]} Bd6
{[%clk 0:27:14]} 26. Rd2 {[%clk 0:11:10]} Bc6 {[%clk 0:26:46]} 27. Rf2
{[%clk 0:10:51]} Kg7 {[%clk 0:26:31]} 28. Be4 {[%clk 0:10:37]} Bb5
{[%clk 0:24:21]} 29. b3 {[%clk 0:10:40]} Rh8 {[%clk 0:23:44]} 30. c4
{[%clk 0:11:02]} Ba6 {[%clk 0:23:24]} 31. Bc6 {[%clk 0:11:02]} Rh4
{[%clk 0:21:24]} 32. Ne2 {[%clk 0:11:27]} Bc8 {[%clk 0:20:43]} 33. Kc2
{[%clk 0:09:43]} e5 {[%clk 0:20:44]} 34. fxe5 {[%clk 0:09:57]} Bxe5
{[%clk 0:20:55]} 35. Bd5 {[%clk 0:10:01]} Bf5+ {[%clk 0:17:30]} 36. Kd2
{[%clk 0:10:20]} f6 {[%clk 0:16:51]} 37. Ke3 {[%clk 0:10:10]} Bb1
{[%clk 0:14:55]} 38. a3 {[%clk 0:09:45]} Rh3+ {[%clk 0:14:37]} 39. Bf3
{[%clk 0:09:18]} a5 {[%clk 0:10:13]} 40. Rg2 {[%clk 0:08:30]} f5 {[%clk 0:09:43]}
41. b4 {[%clk 0:05:59]} Rxf3+ {[%clk 0:04:07]}  0-1

[Event "Olomouc Chess Summer 2022 - D"]
[Site "Olomouc (CZE), Hotel Flora"]
[Date "2022.08.18"]
[Round "7"]
[Board "15"]
[White "Fiser, Milos"]
[Black "Ni, Polina"]
[Result "0-1"]
[WhiteElo "1789"]
[BlackElo "1871"]
[PlyCount "0"]
[EventDate "2022.08.13"]
[EventRounds "9"]
[EventCountry "CZE"]

1. d4 {[%clk 1:30:56]} f5 {[%clk 1:30:32]} 2. c4 {[%clk 1:31:14]} Nf6
{[%clk 1:30:57]} 3. e3 {[%clk 1:31:02]} e6 {[%clk 1:31:15]} 4. a3
{[%clk 1:31:21]} Be7 {[%clk 1:30:41]} 5. Nc3 {[%clk 1:31:30]} O-O
{[%clk 1:27:51]} 6. Nf3 {[%clk 1:31:52]} Ne4 {[%clk 1:27:16]} 7. Qc2
{[%clk 1:28:54]} Nxc3 {[%clk 1:22:58]} 8. bxc3 {[%clk 1:27:24]} d6
{[%clk 1:21:42]} 9. a4 {[%clk 1:23:28]} Nc6 {[%clk 1:17:49]} 10. Ba3
{[%clk 1:22:30]} e5 {[%clk 1:14:21]} 11. h3 {[%clk 1:18:42]} Qe8 {[%clk 1:06:18]}
12. Be2 {[%clk 1:16:42]} e4 {[%clk 1:02:31]} 13. Nh2 {[%clk 1:16:46]} Qg6
{[%clk 1:01:07]} 14. Bf1 {[%clk 1:06:57]} Kh8 {[%clk 0:51:48]} 15. Bc1
{[%clk 0:55:43]} Bd7 {[%clk 0:50:22]} 16. g3 {[%clk 0:48:07]} Rae8
{[%clk 0:45:51]} 17. Bd2 {[%clk 0:42:37]} Qf7 {[%clk 0:41:00]} 18. Be2
{[%clk 0:39:33]} Na5 {[%clk 0:39:15]} 19. Qa2 {[%clk 0:39:04]} Be6
{[%clk 0:38:27]} 20. d5 {[%clk 0:37:13]} Bd7 {[%clk 0:37:44]} 21. Rb1
{[%clk 0:31:43]} b6 {[%clk 0:36:50]} 22. f4 {[%clk 0:29:55]} exf3
{[%clk 0:29:02]} 23. Bxf3 {[%clk 0:28:48]} Nb7 {[%clk 0:23:15]} 24. O-O
{[%clk 0:27:10]} Qg6 {[%clk 0:22:02]} 25. Kf2 {[%clk 0:24:27]} Bg5
{[%clk 0:20:07]} 26. Rbe1 {[%clk 0:24:30]} Nc5 {[%clk 0:19:48]} 27. Re2
{[%clk 0:21:41]} Qh6 {[%clk 0:15:54]} 28. Kg2 {[%clk 0:19:48]} Bxe3
{[%clk 0:13:49]} 29. Rd1 {[%clk 0:17:36]} Bxd2 {[%clk 0:10:57]} 30. Rdxd2
{[%clk 0:18:03]} Qf6 {[%clk 0:08:45]} 31. Rd4 {[%clk 0:17:08]} Nxa4
{[%clk 0:07:51]} 32. Qc2 {[%clk 0:17:27]} Nc5 {[%clk 0:07:27]} 33. Nf1
{[%clk 0:17:48]} Rxe2+ {[%clk 0:07:00]} 34. Bxe2 {[%clk 0:17:50]} Re8
{[%clk 0:06:06]} 35. Bf3 {[%clk 0:18:10]} a5 {[%clk 0:05:18]} 36. g4
{[%clk 0:18:11]} g6 {[%clk 0:04:27]} 37. Ng3 {[%clk 0:18:28]} fxg4
{[%clk 0:03:26]} 38. hxg4 {[%clk 0:18:07]} Re3 {[%clk 0:02:36]} 39. Bd1
{[%clk 0:17:45]} Kg7 {[%clk 0:01:21]} 40. Qd2 {[%clk 0:18:06]} Re5
{[%clk 0:00:42]} 41. Rf4 {[%clk 0:18:10]} Qe7 {[%clk 0:28:48]} 42. Bf3
{[%clk 0:47:16]} a4 {[%clk 0:27:38]}  0-1